Central Library OPAC University of Rajshahi

Health and longevity : (Record no. 12845)

MARC details
000 -LEADER
fixed length control field 00972cam a22002891i 4500
001 - CONTROL NUMBER
control field 12845
003 - CONTROL NUMBER IDENTIFIER
rucl marc code BD-RjUL
005 - DATE AND TIME OF LATEST TRANSACTION
control field 20211208235350.0
008 - FIXED-LENGTH DATA ELEMENTS--GENERAL INFORMATION
fixed length control field 900406s1927 xna 00010 eng d
035 ## - SYSTEM CONTROL NUMBER
System control number (BD-RjUL)12895
System control number (BD-RjUL)
System control number 1117629
040 ## - CATALOGING SOURCE
Original cataloging agency BD-RjUL
Language of cataloging eng
Transcribing agency BD-RjUL
Modifying agency BD-RjUL
041 ## - LANGUAGE CODE
Language code of text/sound track or separate title eng
082 ## - DEWEY DECIMAL CLASSIFICATION NUMBER
Classification number 613.12
Author mark and year SEH 1953
100 1# - MAIN ENTRY--PERSONAL NAME
Personal name Selmon , A C .
9 (RLIN) 40032
245 10 - TITLE STATEMENT
Title Health and longevity :
Remainder of title a treatise in popular language on the cause, prevention, and treatment of the commonest diseases /
260 ## - PUBLICATION, DISTRIBUTION, ETC. (IMPRINT)
Place of publication, distribution, etc. Poona :
Name of publisher, distributor, etc. Oriental Watchman,
Date of publication, distribution, etc. 1953.
300 ## - PHYSICAL DESCRIPTION
Pagination x ,294 p.
Illustrations ills ;
Size 20 cm.
510 4# - CITATION/REFERENCES NOTE
Name of source Hoyle, J. Annotated bibliography of Australian domestic cookery books, 1860s to 1950,
Location within source 686
610 20 - SUBJECT ADDED ENTRY--CORPORATE NAME
Corporate name or jurisdiction name as entry element Child Study Association.
650 #0 - SUBJECT ADDED ENTRY--TOPICAL TERM
Topical term or geographic name as entry element Infants
General subdivision Nutrition.
9 (RLIN) 40034
Topical term or geographic name as entry element Children
General subdivision Development.
9 (RLIN) 40035
Topical term or geographic name as entry element Child development.
9 (RLIN) 5451
700 1# - ADDED ENTRY--PERSONAL NAME
Personal name Izett, D.
942 ## - ADDED ENTRY ELEMENTS (KOHA)
Source of classification or shelving scheme Dewey Decimal Classification
Koha item type Books
Holdings
Lost status Source of classification or shelving scheme Damaged status Not for loan Collection code Permanent Location Current Location Shelving location Date acquired Source of acquisition Cost, normal purchase price Total Checkouts Full call number Date last seen Copy number Koha item type
  Dewey Decimal Classification   Not For Loan Non-fiction Central Library, University of Rajshahi Central Library, University of Rajshahi Reading Room 26/10/1976 Nathional bank agency 20.00   613.12 SEH 1953 29/01/2014 C-1 Books